000 00458nam a22001817a 4500
005 20230821110716.0
008 210301b ||||| |||| 00| 0 eng d
020 _a9789352705473
041 _aeng
082 _a612 MOH-T
100 _aMOHAN HARSH
_98108
245 _aTEXTBOOK OF PATHOLOGY
250 _a8'TH
260 _aNEW DELHI
_bJAYPEE BROTHER'S MEDICAL PUBLISHER
_c2021
300 _a1010, p.
650 _aPHARMACY
_xD.PHARMA
_98109
942 _cBK
999 _c7500
_d7498